000 00702nam 22002173 4500
001 200188
090 _a200188
100 _a20260126d u||y0pory50 ba
200 _aO macaco, a África e o homem
_fYves Coppens
_gtradução Gemeniano Cascais Franco
205 _a
210 _aLisboa
_cGradiva
_dimp. 1985
215 _a146 p.
_cil. ; brochado
_d21 cm
225 _aCiência aberta
_v7
606 _912863
_aBiologia geral e teórica
610 _ahistória do homem--paleontologia--registos de antigas ações humanas
675 _a573
_vPT
_zpor
700 _916019
_aCoppens
_bYves
_f1934-2022
702 _910285
_aFranco
_bGeminiano Cascais
801 _aPT
_bBMMN
_gRPC
830 _cVanda
990 _cLIVROS